| 000 | 00757nam a2200205Ia 4500 | ||
|---|---|---|---|
| 003 | GCL | ||
| 008 | 140319s9999 xx 000 0 ara d | ||
| 040 |
_aGCL / _cGCL |
||
| 082 | 0 | 4 |
_a961.103 _bع ت |
| 100 | 1 | _aعلى الشنوفى (تحقيق) | |
| 245 | 1 | 0 |
_aترجمة محمد بيرم الخامس فى صفوة الاعتبار بمستودع الامصار والاقطار . / _cعلى الشنوفى (تحقيق) |
| 260 |
_a[S.N] : _bالمؤسسة الوطنية للترجمة والتحقيق ، _c1989 |
||
| 300 | _a275 ص | ||
| 490 | _a | ||
| 650 | 0 | 4 | _aتاريخ |
| 650 | 0 | 4 | _aتونس |
| 650 | 0 | 4 | _aمحمد بيرم الخامس |
| 650 | 0 | 4 | _aالعالم العربى - تاريخ - العصر العثمانى |
| 942 |
_2ddc _cBK |
||
| 999 |
_c35444 _d35444 |
||